Vista normal
Vista MARC
Entrada Término temático
Número de registros utilizados en: 1
001 - CONTROL NUMBER
- control field: 39232
003 - CONTROL NUMBER IDENTIFIER
- control field: OSt
005 - DATE AND TIME OF LATEST TRANSACTION
- control field: 20201025090653.0
008 - FIXED-LENGTH DATA ELEMENTS
- fixed length control field: 201025|| aca||aabn | a|a d
040 ## - CATALOGING SOURCE
- Original cataloging agency: OSt
- Transcribing agency: OSt
150 ## - HEADING--TOPICAL TERM
- Topical term or geographic name entry element: HISTORIA
670 ## - SOURCE DATA FOUND
- Source citation: Work cat.: (OSt): Restrepo, Jorge Alberto 39231, La actividad comercial y el grupo de comerciantes de Cartagena a fines del siglo XIX, 1994.

